Jalkapallon MM-kilpailujen välieräjoukkueet - Statistics

Yleistilastot
  • Tätä visaa on pelattu 1 326 kertaa
  • Keskiarvotulos 21 / 26
Vastaustilastot
Vastaus % Oikein
Argentiina
99%
Länsi-Saksa
99%
Ranska
99%
Saksa
99%
Brasilia
98%
Espanja
98%
Italia
95%
Englanti
92%
Portugali
92%
Ruotsi
92%
Alankomaat
91%
Neuvostoliitto
90%
Kroatia
88%
Belgia
87%
Uruguay
87%
Yhdysvallat
84%
Puola
77%
Marokko
74%
Chile
73%
Tšekkoslovakia
70%
Turkki
69%
Unkari
66%
Etelä-Korea
62%
Itävalta
60%
Jugoslavia
55%
Bulgaria
46%
Ehtoja vastaavia visoja ei löytynyt
Tulosjakauma
Jokaisen tuloksen saaneiden osuus
Persentiili vastausten määrän mukaan
Tuloshistoriasi
Et ole pelannut tätä visaa